00769nam a2200193 i 450000100060000000300090000600500170001500700030003200800410003510000290007624502310010526000550033630000340039149000340042570000210045970000300048083000340051085200310054449705ES-MaACL20230906162040.0t|030722q1944 sp ||||1| spa d1 aCoulson, Charles Alfred.10aOndas b: exposición matemática de los tipos más comunes de movimiento ondulatorio / cpor Charles Alfred Coulson ; versión castellana de la 4ª edición inglesa al cuidado de Irene Andresco y Antonio Flores de Lemus. aMadrid : bDossat, c[1944?] (fNuevas Gráficas) aXI, 174 p. : bil. ; c22 cm.1 aUniversity Mathematical texts1 aAndresco, Irene.1 aFlores de Lemus, Antonio.0 aUniversity Mathematical texts aES-MaACLjD-8078 bR.27031